01744nam a2200433 i 450000100060000000300090000600500170001500800390003201500170007103500210008804000540010904600090016308000140017208000090018624500740019526000550026930000610032433600270038533700540041233800280046638000160049438000230051038000270053338800140056038800140057450400480058852102720063665000260090865000220093465500170095665800280097365800110100170000320101270000490104470000420109370000370113571000400117285600980121215592KOSZ 00520200701111331.0200421s1973 pl a f f 001 0 pol aPB 1973/4052 a(OCoLC)749368808 aWA NcWA NdKOSZ 005/ECdKOSZ 005/HRdKOSZ 005/RW k1973 a66.01/.09 a(07)00aPodstawy ogólne technologii chemicznej /cS. Bretsznajder [et al.]. aWarszawa :bWydawnictwa Naukowo-Techniczne,c1973. a607, [1] stron, [1] karta tablic :bilustracje ;c25 cm. aTekstbtxt2rdacontent aBez urządzenia pośredniczącegobn2rdamedia aWoluminbnc2rdacarrier aKsiążki aPublikacje fachowe aPublikacje dydaktyczne a1901-2000 a1945-1989 aBibliografia na stronach 590-[593]. Indeks.8 aKsiążka jest podręcznikiem przeznaczonym dla studentów odpowiednich wydziałów szkół technicznych. Może stanowić cenną pomoc w codziennej pracy inżynierów i techników, zatrudnionych w przemyśle chemicznym i w instytutach naukowo-badawczych. 7aTechnologia chemiczna 7aProcesy chemiczne 7aPodręcznik aInżynieria i technika aChemia1 aMarcinkowski RyszardeAutor1 aBretsznajder, Stanisławd(1907-1967)eAutor1 aKawecki, Wiesławd(1918-2000)eAutor1 aLeyko, Jerzyd(1918-1995)eAutor2 aWydawnictwa Naukowo-Techniczne4pbl uhttp://koha.tu.koszalin.pl/cgi-bin/koha/opac-detail.pl?biblionumber=15592yKatalog online BPK